000 00684nam a2200265Ia 4500
003 OSt
005 20220925220156.0
006 a|||||r|||| 00| 0
007 ta
008 220923b |||||||| |||| 00| 0 eng d
020 _a0 582 31010 5
037 _cGeneral Book
040 _aRTL
_cRTL
_beng
041 _2eng
_aeng
082 _aU11, L0
100 _aSpeak P
_993546
245 0 _aMap reading and interpretation
250 _a2nd
260 _aLondon
_bLongman UK
_c1970
300 _aviii, 79p.
_ccm.
650 _aGeography
700 _a Carter A H C
_993547
942 _hU11, L0
_cGB
_2CC
999 _c570728
_d570728